Bộ sách giáo dục giới tính cho học sinh
Nội dung tài liệu trình bày khái niệm về tình bạn, tình yêu, những điều cần biết về bình đẳng giới và những điều cần biết về quá trình sinh sản, cuối phần có phần hỏi đáp.
Đã lưu trong:
| Príomhúdar: | |
|---|---|
| Formáid: | Leabhar |
| Teanga: | Undetermined |
| Foilsithe: |
Hà Nội
Giáo dục Việt Nam
2014
|
| Ábhair: | |
| Clibeanna: |
Cuir Clib Leis
Gan Chlibeanna, Bí ar an gcéad duine leis an taifead seo a chlibeáil!
|
| Thư viện lưu trữ: | Trung tâm Học liệu Trường Đại học Cần Thơ |
|---|
| LEADER | 00951nam a2200205Ia 4500 | ||
|---|---|---|---|
| 001 | CTU_191283 | ||
| 008 | 210402s9999 xx 000 0 und d | ||
| 020 | |c 14000 | ||
| 082 | |a 613.951 | ||
| 082 | |b H455/T.5 | ||
| 100 | |a Nguyễn, Thị Hồng | ||
| 245 | 0 | |a Bộ sách giáo dục giới tính cho học sinh | |
| 245 | 0 | |c Nguyễn Thị Hồng, Đỗ Kiều Tâm, Mai Thị Tình | |
| 260 | |a Hà Nội | ||
| 260 | |b Giáo dục Việt Nam | ||
| 260 | |c 2014 | ||
| 520 | |a Nội dung tài liệu trình bày khái niệm về tình bạn, tình yêu, những điều cần biết về bình đẳng giới và những điều cần biết về quá trình sinh sản, cuối phần có phần hỏi đáp. | ||
| 650 | |a Sex instruction,Youth education,Giáo dục giới tính | ||
| 904 | |i Bằng | ||
| 980 | |a Trung tâm Học liệu Trường Đại học Cần Thơ | ||